Normal view
MARC view
- تأليف عبد الخالق، فيصل علي؛مراجعة عمر محمد ديارنة
Entry Personal Name
001 - CONTROL NUMBER
- control field: 24827
003 - CONTROL NUMBER IDENTIFIER
- control field: JO-AjAnu
005 - DATE AND TIME OF LATEST TRANSACTION
- control field: 20230606074242.0
008 - FIXED-LENGTH DATA ELEMENTS
- fixed length control field: 230606|| aca||aabn | a|a d
040 ## - CATALOGING SOURCE
- Original cataloging agency: JO-AjAnu
- Transcribing agency: JO-AjAnu
100 ## - HEADING--PERSONAL NAME
- Personal name: تأليف عبد الخالق، فيصل علي؛مراجعة عمر محمد ديارنة
670 ## - SOURCE DATA FOUND
- Source citation: Work cat.: (JO-AjAnu)12772: تأليف عبد الخالق، فيصل علي؛مراجعة عمر محمد ديارنة, author, التصريح على التوضيح: للفهّامة خالد بن عبد الله الأزهري على ألفية ابن مالك، ج2